000 00620cam a22002051 4500
001 sa 68006052
003 DLC
005 20260227112513.0
008 710915s1964 ii be 00000 eng
010 _asa 68006052 //r84
025 _aPL480:I-map-79
043 _aa-ii---
050 0 _aGA1132
_b.A46 1961
110 1 0 _aIndia.
_bOffice of the Registrar General.
245 1 0 _aUnion & state atlases;
_batlas project.
260 0 _aNew Delhi
_c[Foreword 1964]
300 _aii, 25 p., [32] l. of maps (part col.)
_bplans.
_c28 cm.
500 _aAt head of title: Census of India, 1961.
650 0 _aCartography
_zIndia.
999 _c81103
_d81103